Beacon light / (Record no. 185783)
[ view plain ]
| 000 -LEADER | |
|---|---|
| fixed length control field | 00681 a2200169 4500 |
| 003 - CONTROL NUMBER IDENTIFIER | |
| control field | NUST |
| 005 - DATE AND TIME OF LATEST TRANSACTION | |
| control field | 20230102140732.0 |
| 040 ## - CATALOGING SOURCE | |
| Transcribing agency | Nust |
| 082 ## - DEWEY DECIMAL CLASSIFICATION NUMBER | |
| Classification number | 370.114,RAS |
| 100 ## - MAIN ENTRY--PERSONAL NAME | |
| Personal name | Rashid, Saeed |
| 245 ## - TITLE STATEMENT | |
| Title | Beacon light / |
| Statement of responsibility, etc. | Rashid Saeed |
| 260 ## - PUBLICATION, DISTRIBUTION, ETC. | |
| Place of publication, distribution, etc. | Islamabad |
| Name of publisher, distributor, etc. | Sultana Foundation |
| Date of publication, distribution, etc. | 1997 |
| 300 ## - PHYSICAL DESCRIPTION | |
| Extent | 287 p.: |
| 505 ## - FORMATTED CONTENTS NOTE | |
| Formatted contents note | Part 1:- Inspiration (Page-19), Part 2:- Exercise in Thinking (Page-38), Exercise in Recitation (Page-77), Part 4:- Professional Development (Page-91), Part 5:- (Page-143), Book Two, Part 1:- Quest for Awareness (Page-165), Part 2:- Thinking (Page-229), Part 3:- Pakistaniat (Page-241). |
| 650 ## - SUBJECT ADDED ENTRY--TOPICAL TERM | |
| Topical term or geographic name entry element | Beacon light |
| 9 (RLIN) | 106649 |
| 942 ## - ADDED ENTRY ELEMENTS (KOHA) | |
| Source of classification or shelving scheme | |
| Koha item type | Book |
| Call number prefix | 370.114,RAS |
| Withdrawn status | Lost status | Source of classification or shelving scheme | Damaged status | Not for loan | Permanent Location | Current Location | Shelving location | Date acquired | Full call number | Barcode | Date last seen | Price effective from | Koha item type | Public note |
|---|---|---|---|---|---|---|---|---|---|---|---|---|---|---|
| Military College of Signals (MCS) | Military College of Signals (MCS) | General Stacks | 12/12/2016 | 370.114.RAS | MCS28368 | 12/08/2016 | 12/12/2016 | Book | Almirah No.74, Shelf No.3 | |||||
| Military College of Signals (MCS) | Military College of Signals (MCS) | General Stacks | 12/12/2016 | 370.114,RAS | MCS28369 | 12/08/2016 | 12/12/2016 | Book | Almirah No.54, Shelf No.1 |
